000 00362pab a2200157 454500
008 180718b1999 xxu||||| |||| 00| 0 eng d
100 _aJoshi, Uma
245 _aViolence and the legal rights of women
260 _c1999
300 _ap.13-14
362 _aJul
650 _aViolence
650 _aWomens rights
773 _aSocial Welfare
909 _a41566
999 _c41566
_d41566